| 000 | 00924nam a2200253Ia 4500 | ||
|---|---|---|---|
| 003 | OSt | ||
| 005 | 20221005040509.0 | ||
| 006 | a|||||r|||| 00| 0 | ||
| 007 | ta | ||
| 008 | 221004b |||||||| |||| 00| 0 eng d | ||
| 020 |
_a9788120834446 (hbk) _c1500 |
||
| 024 | _a107189 | ||
| 037 |
_b100, 23/03/2011, Motilal Banarsidass Publishers Pvt. Ltd. _cTextual |
||
| 040 |
_aCRL _cCRL _beng |
||
| 041 |
_2eng _aeng |
||
| 082 | _aP15,Cx1,1,2, 111Q0 | ||
| 100 |
_aThompson Stephen _9589097 |
||
| 245 | 0 |
_aVyakarana mahabhasya of patanjali on Panini 3.1 (Ahnikas 1 to 6) _b Text, translation with introduction and technical notes |
|
| 260 |
_aDelhi _bMotilal Banarsidass Publishers India _c2010 |
||
| 300 |
_axix, 659p. _ccm. |
||
| 650 | _aLINGUISTICS | ||
| 942 |
_hP15,Cx1,1,2, 111Q0 _cTEXL _2cc |
||
| 999 |
_c946996 _d946996 |
||